000 00364nam a2200145Ia 4500
008 230917s9999||||xx |||||||||||||| ||und||
040 _e195867
_aMAIN
041 _aEnglish
082 _a579.88 S19C
100 _aSahoo, Dinabandhu
245 0 _aCommon seaweeds of India
260 _aNew Delhi
_bI K International
_c2010
300 _axii, 196 p.
942 _cBK
999 _c163615
_d163615